Applied Physics Letters

Gespeichert in:
Bibliographische Detailangaben
Format: Schriftenreihe
Veröffentlicht: 1996
Tags: Tag hinzufügen
Keine Tags, Fügen Sie das erste Tag hinzu!

MARC

LEADER 00000nas a22000003a 4500
001 stu64622
005 20141122002712.4
008 011106s1996----------------------------d
040 |a STU  |b slo 
041 0
245 |a Applied Physics Letters 
260 |c 1996 
500 |a 1-26 
500 |a 52 
773 0 |t Applied Physics Letters  |w stu_us_cat*stu59429  |x 0003-6951  |7 nnas 
996 |d Vol. 68, 1996  |v Vol. 68  |y 1996  |l EE0103  |s A  |a 24  |w stu64622_0001